50 Largest Australian Cities in 1940 - Statistics

General Stats
  • This quiz has been taken 22 times
  • The average score is 19 of 50
Answer Stats
Population State Answer % Correct
312,619 South Australia Adelaide
100%
299,748 Queensland Brisbane
100%
991,934 Victoria Melbourne
100%
207,440 Western Australia Perth
100%
1,235,267 New South Wales Sydney
100%
104,485 New South Wales Newcastle
94%
60,406 Tasmania Hobart
88%
7,325 Australian Capital Territory Canberra
76%
11,403 New South Wales Wollongong
76%
11,993 Queensland Cairns
71%
25,876 Queensland Townsville
65%
37,411 Victoria Ballarat
53%
26,423 Queensland Toowoomba
53%
29,131 Victoria Bendigo
47%
39,223 Victoria Geelong
47%
32,833 Tasmania Launceston
47%
10,543 New South Wales Albury
41%
29,369 Queensland Rockhampton
41%
10,413 New South Wales Bathurst
35%
11,466 Queensland Bundaberg
35%
10,665 Queensland Mackay
35%
26,925 New South Wales Broken Hill
29%
17,326 Western Australia Kalgoorlie
29%
9,634 New South Wales Orange
29%
9,913 New South Wales Tamworth
29%
6,794 New South Wales Armidale
24%
8,344 New South Wales Dubbo
24%
14,849 New South Wales Goulburn
24%
22,498 Queensland Ipswich
24%
6,617 Victoria Mildura
24%
5,698 Victoria Shepparton
24%
8,906 Victoria Warrnambool
24%
6,411 New South Wales Grafton
18%
7,749 Queensland Gympie
18%
11,762 New South Wales Lismore
18%
11,415 Queensland Maryborough
18%
5,631 Victoria Maryborough
18%
5,846 New South Wales Parkes
18%
11,677 South Australia Port Pirie
18%
11,631 New South Wales Wagga Wagga
18%
14,385 New South Wales Cessnock
12%
6,978 Queensland Charters Towers
12%
5,786 Victoria Hamilton
12%
6,445 New South Wales Katoomba
12%
13,444 New South Wales Lithgow
12%
6,664 Queensland Warwick
12%
6,107 New South Wales Cabramatta
6%
8,709 New South Wales Fairfield
6%
6,315 New South Wales Liverpool
6%
8,191 New South Wales West Maitland
6%
No matching quizzes found
Score Distribution
Percent of People with Each Score
Percentile by Number Answered
Your Score History
You have not taken this quiz